Garbage in, garbage out (Record no. 74630)
[ view plain ]
| 000 -LEADER | |
|---|---|
| fixed length control field | 01186cab a2200229 4500 |
| 001 - CONTROL NUMBER | |
| control field | ABS68443 |
| 008 - FIXED-LENGTH DATA ELEMENTS--GENERAL INFORMATION | |
| fixed length control field | 041125n2004 000 0 eng u |
| 035 ## - SYSTEM CONTROL NUMBER | |
| System control number | (Sirsi) u128129 |
| 100 ## - MAIN ENTRY--PERSONAL NAME | |
| Personal name | Helps, D. |
| 245 ## - TITLE STATEMENT | |
| Title | Garbage in, garbage out |
| 260 ## - PUBLICATION, DISTRIBUTION, ETC. | |
| Date of publication, distribution, etc. | 2004 |
| 490 ## - SERIES STATEMENT | |
| Series statement | Building |
| Volume/sequential designation | 269(8356) 5 November 2004, 54(1) |
| 520 ## - SUMMARY, ETC. | |
| Summary, etc. | Examines the problems in disputes involving responsibility for delay and the entitlement to extensions of time for completion. Notes how computer software has helped in these evaluations and how planning and programme experts have become central players in this type of dispute resolution. As "Skanska Construction UK Ltd v Egger (Barony) Ltd" (Civ 1919, [2002] 83 Con LR 132) shows a computer programme is only as useful as the data entered into it and is no substitute for the direct application of professional experience and objective judgment. |
| 590 ## - LOCAL NOTE (RLIN) | |
| Local note | ABS |
| 650 ## - SUBJECT ADDED ENTRY--TOPICAL TERM | |
| Topical term or geographic name entry element | SKANSKA CONSTRUCTION UK LTD V EGGER (BARONY) LTD |
| 650 ## - SUBJECT ADDED ENTRY--TOPICAL TERM | |
| Topical term or geographic name entry element | COMPUTER SOFTWARE |
| 650 ## - SUBJECT ADDED ENTRY--TOPICAL TERM | |
| Topical term or geographic name entry element | EXTENSIONS OF TIME |
| 650 ## - SUBJECT ADDED ENTRY--TOPICAL TERM | |
| Topical term or geographic name entry element | DELAY ANALYSIS |
| 650 ## - SUBJECT ADDED ENTRY--TOPICAL TERM | |
| Topical term or geographic name entry element | DISPUTE RESOLUTION |
| 9 (RLIN) | 6236 |
| 690 ## - LOCAL SUBJECT ADDED ENTRY--TOPICAL TERM (OCLC, RLIN) | |
| Topical term or geographic name as entry element | MANAGEMENT-BUSINESS MANAGEMENT-INFORMATION MANAGEMENT |
| 942 ## - ADDED ENTRY ELEMENTS (KOHA) | |
| Suppress in OPAC | 0 |
| Withdrawn status | Lost status | Source of classification or shelving scheme | Damaged status | Not for loan | Home library | Current library | Shelving location | Date acquired | Total Checkouts | Full call number | Barcode | Date last seen | Copy number | Price effective from | Koha item type |
|---|---|---|---|---|---|---|---|---|---|---|---|---|---|---|---|
| Dewey Decimal Classification | London | London | Journal article | 25/11/2004 | ABS68443 | 128129-1001 | 06/08/2019 | 1 | 06/08/2019 | Journal article |